000 00836nam a2200301 a 4500
999 _c6946
_d6946
001 6946
003 BD-JhCC
005 20180225173414.0
008 180102s1975 0 eng d
020 _a0674957776
035 _a(BD-JhCC)6946
035 _a(OCoLC)01223952
035 _aGLIS00013442
040 _cBD-JhCC
_dOCL
_dMYG
_aBD-JhCC
041 _aeng
050 0 _aPR5882
_b.R43
082 _aWOR 1975
_b821.7
099 _aPR5882.R43
100 1 _aReed, Mark L.
245 1 0 _aWordsworth :
_bthe chronology of the middle years, 1800-1815 /
_cMark L. Reed.
260 _aCambridge, Mass. :
_bHarvard University Press,
_c1975.
300 _axiii, 240 p. ;
_c22 cm.
504 _a.
600 1 0 _aWordsworth, William,
_d1770-1850
650 _aProse
942 _2ddc
_cBK